000
00291nam a22001337a 4500
008
170206b xxu||||| |||| 00| 0 eng d
020
_a
9780965468725
041
_a
eng
080
_a
61
100
_a
3
101
_a
SHM
245
_a
INTERNAL MEDUCINE
_c
AFSHINE EMRANI
942
_2
udc
_c
BK
999
_c
4766
_d
4766